Movies Quiz

Random Movies or Clickable Quiz
Score 0/20 Timer 06:00
1 Play Today
% Correct
The Polar Express
93.6%
Frozen
92.5%
The Muppets
89.3%
Juno
86.2%
The Grand Budapest Hotel
85.3%
The Hitchhiker's Guide to the Galaxy
82.8%
The Game
82.5%
22 Jump Street
81.9%
Air Force One
81.8%
Happy Gilmore
81.8%
% Correct
Friday the 13th
80.7%
Megamind
79.8%
Sin City
79.8%
The Punisher
77.2%
Any Given Sunday
74.3%
8 Mile
72.1%
Zodiac
62.9%
Goldfinger
58.5%
Blade Runner
56.4%
Donnie Darko
49.5%
Remove Ads.
Support Sporcle.
Get the best of Sporcle when you Go Orange. This ad-free experience offers more features, more stats, and more fun while also helping to support Sporcle. Thank you for becoming a member.

You're not logged in!

Compare scores with friends on all Sporcle quizzes.
OR
Log In

Show Comments

Extras

Top Quizzes Today


Score Distribution

Your Account Isn't Verified!

In order to create a playlist on Sporcle, you need to verify the email address you used during registration. Go to your Sporcle Settings to finish the process.

Report this User

Report this user for behavior that violates our Community Guidelines.

Details: